Оценка прогнозных запасов вод АПТ-сеноманских отложений и гидрогеологических условий разработки нефтяных месторождений Томской области: отчет о НИР (заключительный); Тема : х/д 2-39/81

Dades bibliogràfiques
Autor corporatiu: Томский политехнический институт (ТПИ) (595)
Altres autors: Назаров А. Д. Александр Дмитриевич (руководитель), Гусев Е. В. Евгений Владимирович (исполнитель)
Idioma:rus
Publicat: Томск, 1982
TOC:Тема : х/д 2-39/81;
Matèries:
Format: MixedMaterials Llibre
KOHA link:https://koha.lib.tpu.ru/cgi-bin/koha/opac-detail.pl?biblionumber=157747

MARC

LEADER 00000nbm0a2200000 4500
001 157747
005 20250428104311.0
029 0 0 |a SU  |b 01819008207  |f ТПУ 
035 |a (RuTPU)RU\TPU\book\171105 
090 |a 157747 
100 |a 20090413d1982 k y0rusy50 ca 
101 0 |a rus 
102 |a RU 
105 |a a p 001zy 
200 1 |a Оценка прогнозных запасов вод АПТ-сеноманских отложений и гидрогеологических условий разработки нефтяных месторождений Томской области  |e отчет о НИР (заключительный)  |f Томский политехнический институт (ТПИ) ; рук. А. Д. Назаров ; исполн. Е. В. Гусев 
210 |a Томск  |d 1982 
215 |a 80 л. 
320 |a Библиогр.: с. 79-80. 
464 |t Тема : х/д 2-39/81 
610 1 |a отчеты о НИР 
610 1 |a пласты 
610 1 |a давление 
610 1 |a депрессия 
610 1 |a нефтегазоносность 
610 1 |a гидродинамика 
610 1 |a термодинамическая устойчивость 
610 1 |a труды учёных ТПУ 
675 |a 553.982:556.3(04)  |v 3 
702 1 |a Назаров  |b А. Д.  |c российский гидрогеолог  |c доцент Томского политехнического университета, кандидат геолого-минералогических наук   |f 1938-  |g Александр Дмитриевич  |3 (RuTPU)RU\TPU\pers\26074  |4 673 
702 1 |a Гусев  |b Е. В.  |c геолог  |c доцент Томского политехнического института, кандидат геолого-минералогических наук  |c выпускник Томского политехнического института 1973  |f 1951-  |g Евгений Владимирович  |3 (RuTPU)RU\TPU\pers\18580  |4 677  |9 6880 
712 0 2 |a Томский политехнический институт (ТПИ)  |c (1944-1991)  |3 (RuTPU)RU\TPU\col\1123  |4 595 
801 1 |a RU  |b 63413507  |c 20090413  |g PSBO 
801 2 |a RU  |b 63413507  |c 20131004  |g RCR 
850 |a 63413507 
942 |c BK